| 000 | 00711nam a22002177a 4500 | ||
|---|---|---|---|
| 003 | AUA.1 | ||
| 005 | 20251119141548.0 | ||
| 008 | 251119b |||||||| |||| 00| 0 eng d | ||
| 040 | _cJTL | ||
| 100 | _aKogey, Eliezer Kipyego | ||
| 245 |
_aThe usage of the Hebrew word רָנַן in the book of Psalms : _ba lexical semantic study and its theological significance / _cEliezer Kipyego Kogey. |
||
| 260 | _ac2023. | ||
| 300 |
_aviii, 74 leaves : _c30 cm. |
||
| 650 | _aExpression (Psychology) | ||
| 650 |
_aJoy _vReligious aspects |
||
| 650 | _aWorship | ||
| 650 |
_aPraise _vReligious aspects |
||
| 650 | _aPraise of God | ||
| 650 | _aBible. Psalms | ||
| 942 |
_2aua _cTHESIS _hMABTS _i.K64 2023 |
||
| 999 |
_c25245 _d25245 |
||